Statistics for $1 Billion+ Movies at the Worldwide Box Office (by Picture)

Click here to take the quiz!

General Stats

  • This quiz has been taken 135 times
  • The average score is 35 of 53

Answer Stats

Answer% Correct
Avatar
99%
Titanic
96%
The Lion King
94%
Frozen II
93%
The Avengers
91%
Barbie
89%
Avengers: Endgame
88%
Black Panther
88%
Frozen
88%
Beauty and the Beast
85%
Jurassic World
84%
Minions
83%
Aquaman
81%
Top Gun: Maverick
81%
Avengers: Infinity War
80%
The Super Mario Bros. Movie
78%
Toy Story 4
78%
Toy Story 3
77%
Iron Man 3
75%
Jurassic Park
75%
Spider-Man: No Way Home
75%
Avatar: The Way of Water
74%
Aladdin
73%
Furious 7
72%
Finding Dory
71%
Incredibles 2
71%
Avengers: Age of Ultron
70%
Captain America: Civil War
70%
Joker
70%
Zootopia
70%
The Dark Knight
69%
Harry Potter and the Deathly Hallows: Part 2
63%
Spider-Man: Far from Home
63%
The Dark Knight Rises
63%
The Fate of the Furious
63%
Captain Marvel
62%
Alice in Wonderland
60%
Skyfall
59%
The Lord of the Rings: The Return of the King
57%
Despicable Me 3
56%
Star Wars: Episode VII - The Force Awakens
56%
Harry Potter and the Sorcerer's Stone
55%
Star Wars: Episode VIII - The Last Jedi
55%
Rogue One: A Star Wars Story
53%
Star Wars: Episode I - The Phantom Menace
44%
Star Wars: Episode IX - The Rise of Skywalker
42%
Jurassic World: Fallen Kingdom
38%
Pirates of the Caribbean: Dead Man's Chest
38%
Pirates of the Caribbean: On Stranger Tides
37%
Jurassic World Dominion
33%
Transformers: Dark of the Moon
25%
Transformers: Age of Extinction
20%
The Hobbit: An Unexpected Journey
15%

Score Distribution

Percentile by Number Answered

Percent of People with Each Score

Your Score History

You have not taken this quiz